000 00290nam a22001217a 4500
008 170615b xxu||||| |||| 00| 0 eng d
041 _aeng
080 _a32
100 _a19
101 _aSHP
245 _aTHE PROMIS AND PERFOMANCE OF AMERICAN DEMOCRACY
_cBOND.J.R
942 _2udc
_cBK
999 _c17546
_d17546